=LDR 00000nam 2200000 4500 =001 INLIS000000000046360 =990 ##$$a 31500090 =005 20150312091804.0 =990 ##$$a 31500089 =006 =007 =008 =035 ##$$0010-031500000000132 =040 ##$$a NBPDMAT =082 ##$$a 904.5 =090 ##$$a 904.5 $b Ana a =245 ##$$a anak anak belajar pengurangan resiko bencana disekolah $b dokumentasi proes HVCA anak anak disekolah =260 ##$$a grobongan $b plan indonesia $c 2012 =300 ##$$a ix, 203 $b ilus $c 21 cm. =990 ##$$a 0001/BPAP-NTB/20142015 =990 ##$$a 0001/BPAP-NTB/20142015